Construction Cost Estimating : (Record no. 531638)

000 -LEADER
fixed length control field 00745cam a22002414a 4500
001 - CONTROL NUMBER
control field 13446075
003 - CONTROL NUMBER IDENTIFIER
control field NUST
005 - DATE AND TIME OF LATEST TRANSACTION
control field 20191022152003.0
008 - FIXED-LENGTH DATA ELEMENTS--GENERAL INFORMATION
fixed length control field 031230s2005 njua b 001 0 eng
010 ## - LIBRARY OF CONGRESS CONTROL NUMBER
LC control number 2003070741
020 ## - INTERNATIONAL STANDARD BOOK NUMBER
International Standard Book Number 0130496650
040 ## - CATALOGING SOURCE
Original cataloging agency DLC
Transcribing agency DLC
Modifying agency DLC
082 00 - DEWEY DECIMAL CLASSIFICATION NUMBER
Classification number 692.5
Author Mark HOL
100 ## - MAIN ENTRY--PERSONAL NAME
Personal name Holm, Len
9 (RLIN) 13059
245 00 - TITLE STATEMENT
Title Construction Cost Estimating :
Remainder of title Process and Practices /
Statement of responsibility, etc. Len Holm ... [et al.].
260 ## - PUBLICATION, DISTRIBUTION, ETC.
Place of publication, distribution, etc. Upper Saddle River, N.J. :
Name of publisher, distributor, etc. Pearson/Prentice Hall,
Date of publication, distribution, etc. c2005.
300 ## - PHYSICAL DESCRIPTION
Extent xi, 354 p. :
Other physical details ill. ;
Dimensions 25 cm.
500 ## - GENERAL NOTE
General note Includes 10 folded plans.
504 ## - BIBLIOGRAPHY, ETC. NOTE
Bibliography, etc. note Includes bibliographical references and index.
650 #0 - SUBJECT ADDED ENTRY--TOPICAL TERM
Topical term or geographic name entry element Building
General subdivision Estimates.
9 (RLIN) 7436
700 1# - ADDED ENTRY--PERSONAL NAME
Personal name Holm, Len.
9 (RLIN) 13059
942 ## - ADDED ENTRY ELEMENTS (KOHA)
Source of classification or shelving scheme
Koha item type Book
Holdings
Withdrawn status Lost status Source of classification or shelving scheme Damaged status Not for loan Permanent Location Current Location Date acquired Total Checkouts Total Renewals Full call number Barcode Date last seen Date last checked out Price effective from Koha item type
          School of Civil and Environmental Engineering (SCEE) School of Civil and Environmental Engineering (SCEE) 10/22/2019 3 1 692.5 HOL NIT-10030 10/14/2025 11/05/2020 10/22/2019 Book
          School of Civil and Environmental Engineering (SCEE) School of Civil and Environmental Engineering (SCEE) 10/29/2019 1   692.5 HOL NIT-13034 01/03/2020 11/05/2019 10/29/2019 Book
          School of Civil and Environmental Engineering (SCEE) School of Civil and Environmental Engineering (SCEE) 10/29/2019 2   692.5 HOL NIT-13035 08/08/2023 02/15/2023 10/29/2019 Book
          School of Civil and Environmental Engineering (SCEE) School of Civil and Environmental Engineering (SCEE) 10/29/2019 4 1 692.5 HOL NIT-13036 01/26/2026 10/14/2025 10/29/2019 Book
          School of Civil and Environmental Engineering (SCEE) School of Civil and Environmental Engineering (SCEE) 10/29/2019 2   692.5 HOL NIT-13037 01/01/2026 09/10/2025 10/29/2019 Book
          School of Civil and Environmental Engineering (SCEE) School of Civil and Environmental Engineering (SCEE) 10/29/2019 4 2 692.5 HOL NIT-13038 12/18/2025 09/12/2025 10/29/2019 Book
          School of Civil and Environmental Engineering (SCEE) School of Civil and Environmental Engineering (SCEE) 10/29/2019 5   692.5 HOL NIT-933 01/11/2022 10/12/2021 10/29/2019 Book
© 2023 Central Library, National University of Sciences and Technology. All Rights Reserved.